দর্শনের ভূমিকা = (Western Metaphysics in Bengali) / (Record no. 44290)
[ view plain ]
| 000 -LEADER | |
|---|---|
| fixed length control field | 01004nam a22002537a 4500 |
| 001 - CONTROL NUMBER | |
| control field | 44290 |
| 003 - CONTROL NUMBER IDENTIFIER | |
| rucl marc code | BD-RjUL |
| 005 - DATE AND TIME OF LATEST TRANSACTION | |
| control field | 20211209053830.0 |
| 008 - FIXED-LENGTH DATA ELEMENTS--GENERAL INFORMATION | |
| fixed length control field | 160716s1976 bg ||||| b||| 00| 0 ben d |
| 020 ## - INTERNATIONAL STANDARD BOOK NUMBER | |
| Terms of availability | : TK 12.50 |
| 035 ## - SYSTEM CONTROL NUMBER | |
| System control number | (BD-RjUL)44408 |
| 040 ## - CATALOGING SOURCE | |
| Original cataloging agency | BD-RjUL |
| Language of cataloging | ben |
| Transcribing agency | BD-RjUL |
| 041 ## - LANGUAGE CODE | |
| Language code of text/sound track or separate title | ben |
| 082 ## - DEWEY DECIMAL CLASSIFICATION NUMBER | |
| Edition number | 23 |
| Classification number | 110 |
| Author mark and year | CHD 1976 |
| 100 1# - MAIN ENTRY--PERSONAL NAME | |
| Personal name | চক্রবর্তী, নীরদবরণ |
| 9 (RLIN) | 124686 |
| 245 ## - TITLE STATEMENT | |
| Title | দর্শনের ভূমিকা = (Western Metaphysics in Bengali) / |
| Statement of responsibility, etc. | নীরদবরণ চক্রবর্তী |
| 250 ## - EDITION STATEMENT | |
| Edition statement | ৪র্থ. সং. ( সংশোধিত ও পরিবর্ধিত) |
| 260 ## - PUBLICATION, DISTRIBUTION, ETC. (IMPRINT) | |
| Place of publication, distribution, etc. | কলকাতা : |
| Name of publisher, distributor, etc. | এ মুখার্জী অ্যাণ্ড কোং, |
| Date of publication, distribution, etc. | ১৯৭৬ |
| 300 ## - PHYSICAL DESCRIPTION | |
| Pagination | [৪], ৩৬৬ পৃ. ; |
| Size | ২২ সেমি. |
| 504 ## - BIBLIOGRAPHY, ETC. NOTE | |
| Bibliography, etc | সংযুক্ত প্রমানপঞ্জী |
| 650 ## - SUBJECT ADDED ENTRY--TOPICAL TERM | |
| Topical term or geographic name as entry element | অধিবিদ্যা |
| 9 (RLIN) | 120435 |
| Topical term or geographic name as entry element | Metaphysics |
| 9 (RLIN) | 120435 |
| 942 ## - ADDED ENTRY ELEMENTS (KOHA) | |
| Source of classification or shelving scheme | Dewey Decimal Classification |
| Koha item type | Books |
| Lost status | Source of classification or shelving scheme | Damaged status | Not for loan | Collection code | Permanent Location | Current Location | Shelving location | Date acquired | Source of acquisition | Cost, normal purchase price | Total Checkouts | Full call number | Date last seen | Date checked out | Copy number | Koha item type |
|---|---|---|---|---|---|---|---|---|---|---|---|---|---|---|---|---|
| Dewey Decimal Classification | Non-fiction | Central Library, University of Rajshahi | Central Library, University of Rajshahi | 28/05/1980 | কলিকাতা, ইন্ডিয়া ইন্টারন্যাশনাল | 12.50 | 5 | B 110 CHD 1976 | 05/02/2026 | 01/02/2026 | C-2 | Books |